Les 50... Acteurs de Cinéma Français - Statistiques

Statistiques générales
  • Ce quiz a été pris 2 465 fois
    2 179 depuis la dernière actualisation
  • Le résultat moyen est 27 sur 50
Statistiques - réponses
Par images Réponse % Correct
Alain Chabat
95%
Timothee Chalamet
91%
Jean Dujardin
90%
Pierre Niney
89%
François Civil
88%
Gérard Depardieu
88%
Louis de Funes
88%
Christian Clavier
86%
Gerard Jugnot
84%
Vincent Cassel
84%
Jean Reno
83%
Jonathan Cohen
82%
Jean-Paul Rouve
80%
Jean-Paul Belmondo
78%
Guillaume Canet
76%
Thierry Lhermitte
75%
Bourvil
70%
Philippe Lellouche
68%
Alain Delon
66%
Franck Gastambide
60%
Daniel Auteuil
56%
Pierre Richard
55%
Romain Duris
55%
Fernandel
54%
Clovis Cornillac
51%
Mathieu Kassovitz
51%
Lambert Wilson
49%
Gaspard Ulliel
48%
Jean Gabin
46%
Jean Rochefort
46%
Jacques Villeret
44%
Michel Galabru
42%
Claude Brasseur
39%
Gérard Lanvin
39%
Albert Dupontel
33%
Guillaume Gallienne
33%
Christophe Lambert
31%
Lionel Astier
31%
Bernard Blier
29%
François Berleand
29%
Jean Marais
28%
Jean Lefebvre
25%
Philippe Noiret
23%
Michel Serrault
22%
Pierre Mondy
21%
Antoine Dulery
19%
Samuel Le Bihan
18%
Richard Bohringer
16%
Raphaël Personnaz
8%
Patrick Chesnay
4%
Aucun quiz correspondant
Distribution des résultats
% des personnes avec chaque résultat
Percentile par nombre de réponses
Votre historique - résultats
Vous n’avez pas pris ce quiz depuis la dernière actualisation